Musique par lettre - R - Statistiques

Statistiques générales
  • Ce quiz a été pris 204 fois
  • Le résultat moyen est 12 sur 20
Statistiques - réponses
Questions Réponses % Correct
Quelle chanteuse barbadienne chante "Diamonds" et "Only Girl" ? Rihanna
98%
Quel chanteur français engagé chante "Mistral Gagnant" et "Laisse Béton" ? Renaud
95%
Quelle chanson de Katy Perry évoque le cri du lion ? Roar
89%
Quel chanteur français a interprété "Caravane" en 2005 ? Raphaël
77%
Quel groupe britannique des années 1990 est l'interprète de "Creep" et "No surprises" ? Radiohead
76%
Quelle chanson de Boney M évoque un personnage historique russe du début du XXème siècle ? Rasputin
72%
Quelle chanson engagée de France Gall incite chacun à choisir sa destinée et non plus à la subir ? Résiste
68%
Quel groupe britannique, un des plus influents de la musique occidentale est l'auteur de titres comme "Paint It back" et "Satisfaction" ? The Rolling Stones
68%
Quelle chanson de The Police est une déclaration d'amour à une prostituée du Nashville Club ? Roxanne
67%
Quelle chanson de Dadju, sortie en 2018 est une ode envers la femme dont il est amoureux ? Reine
65%
Quelle chanson de Mika constitue le premier single de Mika ? Relax
62%
Quelle chanson d'Imagine Dragons de 2012 est synonyme d'éléments découverts par Henri Becquerel ? Radioactive
60%
Quelle chanson d'Adèle révèle sa rupture amoureuse pour s'immiscer dans des émotions profondes ? Rolling in the deep
60%
Quelle chanson de Soprano rend hommage à son ami décédé ? Roule
54%
Quelle chanson de Johnny Hallyday comporte les paroles "Je ne suis qu'un fou, mais par amour" ? Requiem pour un fou
49%
Quel rappeur français chante "Tonton du Bled" en 1999 et "Air Max" en 2018 en collaboration avec Ninho ? Rim'k
43%
Quel chanteur américain interprète "All night long", "Say you, say me" ou encore "Hello" ? Lionel Richie
40%
Quel rappeur français chante "La c'est die" et "Santa Maria" ? Ridsa
39%
Quel chanteur interprète "Piu Bella Cosa" et "Otra como tu" ? Eros Ramazotti
20%
Quel groupe italien est célèbre pour la chanson "Sara perche ti amo", notamment chantée à San Siro, pour les matchs de l'AC Milan ? Ricchi e Poveri
20%
Aucun quiz correspondant
Distribution des résultats
% des personnes avec chaque résultat
Percentile par nombre de réponses
Votre historique - résultats
Vous n’avez pas pris ce quiz